000 00657nam a2200241Ia 4500
003 OSt
005 20221007071554.0
006 a|||||r|||| 00| 0
007 ta
008 221006b |||||||| |||| 00| 0 eng d
024 _a4,987
037 _cTextual
040 _aFLL
_cFLL
_beng
041 _2eng
_aeng
082 _aZ3:9298, L2
100 _aSchwartz Bernard Au.
_9688281
245 0 _aLegal control of government
260 _aLondon
_bClarendon Press Oxford UK
_c1972
300 _a349p
_ccm.
650 _aAdministrative law
_9681514
942 _hZ3:9298, L2
_cTEXL
_2CC
999 _c1143720
_d1143720